000 00740nam a2200229 i 4500
001 102505
003 ES-MaACL
005 20250730221331.0
007 t|
008 051111s1971 sp ||||1| spa d
080 _a821.161.1-31"19"
080 _a929 Pedro (470) I (0:82)
100 1 _aMerezhkovsky, Dmitry Sergeyevich.
_980486
245 1 0 _aPedro y Alejo ; Pedro el Grande /
_cDimitri de Merejkowsky; traducción de José Francés.
260 _aVelencia :
_bPrometeo,
_c1971.
300 _a264 p. ;
_c18 cm.
600 0 7 _aPedro
_bI,
_cEmperador de Rusia-
_vNovelas
_2
_9154359
700 1 _aFrancés, José,
_d1883-1964
_952141
740 0 _aPedro el Grande.
852 _aES-MaACL
_jC-46029
_bR.79646
999 _c102505
_d102505